La colonialidad del saber: eurocentrismo y ciencias sociales; perspectivas latinoamericanas /

Salvato in:
Dettagli Bibliografici
Autore principale: Lander, Edgardo
Ente Autore: Consejo Latinoamericano de Ciencias Sociales
Natura: Sconosciuto
Pubblicazione: Buenos Aires: CLACSO
Soggetti:
Tags: Aggiungi Tag
Nessun Tag, puoi essere il primo ad aggiungerne!!

MARC

LEADER 00000 a2200000 04500
001 18516
003
008 991231s d
040
090 |a 143404  
100 |a Lander, Edgardo  
110 |a Consejo Latinoamericano de Ciencias Sociales  
245 |a La colonialidad del saber: eurocentrismo y ciencias sociales; perspectivas latinoamericanas /  |c Edgardo Lander 
260 |a Buenos Aires:   |b CLACSO  
300 |a 246 p.  
500 |a Disponble en Cd, en No. 194112  
650 |a CIENCIAS SOCIALES  
650 |a EQUIDAD SOCIAL  
650 |a REFORMA SOCIAL  
650 |a POLITICA SOCIAL  
650 |a DESIGUALDAD SOCIAL  
999 |c 17452  |d 17452